Statistics for Click the Country by Picture

Click here to take the quiz!

General Stats

  • This quiz has been taken 237 times
  • The average score is 10 of 12

Answer Stats

HintAnswer% Correct
Egypt
93%
France
92%
United Kingdom
90%
Japan
85%
Greece
84%
Russia
84%
Thailand
81%
Saudi Arabia
79%
United States
75%
Spain
71%
Italy
66%
Chile
61%

Score Distribution

Percentile by Number Answered

Percent of People with Each Score

Your Score History

You have not taken this quiz